Χρηματοπιστωτικά προϊόντα και CRM στο σύγχρονο ελληνικό τραπεζικό σύστημα : πτυχιακή εργασία

Αποθηκεύτηκε σε:
Λεπτομέρειες βιβλιογραφικής εγγραφής
Κύριος συγγραφέας: Μιχαλάκης, Ευάγγελος
Συγγραφή απο Οργανισμό/Αρχή: Πανεπιστήμιο Αιγαίου Σχολή Επιστημών της Διοίκησης Τμήμα Διοίκησης Επιχειρήσεων
Άλλοι συγγραφείς: Μαύρη, Μαρία (Εισηγητής διατριβής)
Μορφή: Thesis Βιβλίο
Γλώσσα:Greek
Δημοσίευση: Χίος : Πανεπιστήμιο Αιγαίου, Τμήμα Διοίκησης Επιχειρήσεων, 2010
Θέματα:
Διαθέσιμο Online:http://hdl.handle.net/11610/6504
Ετικέτες: Προσθήκη ετικέτας
Δεν υπάρχουν, Καταχωρήστε ετικέτα πρώτοι!

MARC

LEADER 00000cam a2200000 i 4500
001 1/17574
008 120203s2010 gre d
035 |l 10111766 
040 |a GR-MY-UA  |b gre  |e aacr 
041 0 |a gre 
082 0 |a 332.09495  |2 (22) 
100 1 |a Μιχαλάκης, Ευάγγελος. 
245 1 0 |a Χρηματοπιστωτικά προϊόντα και CRM στο σύγχρονο ελληνικό τραπεζικό σύστημα :  |b πτυχιακή εργασία /  |c Ευάγγελος Μιχαλάκης ; επιβλέπουσα καθηγήτρια: Μαύρη Μάνια 
260 |a Χίος :   |b Πανεπιστήμιο Αιγαίου, Τμήμα Διοίκησης Επιχειρήσεων,   |c 2010 
300 |b διαγρ.;  |c 30 εκ. 
502 |a Πτυχιακή εργασία – Πανεπιστήμιο Αιγαίου, Χίος, 2010. 
504 |a Περιλαμβάνει βιβλιογραφία 
610 2 0 |a Πανεπιστήμιο Αιγαίου. 
650 0 0 |a Banks and banking. 
650 0 0 |a Banks and banking  |z Greece. 
700 0 |4 ths  |a Μαύρη, Μαρία. 
710 2 |a Πανεπιστήμιο Αιγαίου  |b Σχολή Επιστημών της Διοίκησης  |b Τμήμα Διοίκησης Επιχειρήσεων. 
852 |a INST  |b CHIOS  |c DIATR  |e 20120203  |h 332.09495 ΜΙΧ  |p 005200031844  |q 005200031844  |t DIE  |y 23 
852 |a INST  |b CHIOS  |c DIATR  |e 20120203  |h 332.09495 ΜΙΧ  |p 005200031845  |q 005200031845  |t DIE  |y 23 
856 |u http://hdl.handle.net/11610/6504 
901 |a BIBL2-2012-1 
909 |a Χ  |b 148998 
909 |a Χ  |b 148999 
924 |a ΜΙΧΑΛΑΚΗΣ  |b ΕΥΑΓΓΕΛΟΣ  |y ΧΙΟΣ  |z 2010-09 
970 |a ΠΟΥΛΑΚΗ  |b ΣΤΕΛΛΑ  |z 2012/02/03